000 00474nam a2200193Ia 4500
005 20250603145553.0
008 250603s9999 xx 000 0 und d
020 _a0395357241
050 _aTK 5101 .257/
100 _aZiemer, Rodger E.
245 0 _aPrinciples of communications: systems, modulation, and noise
250 _a2nd
260 _aBoston
260 _bHoughton Mifflin company
260 _c1985
300 _a609 p
650 _aBoston
942 _cBK
999 _c42239
_d42239